Central Library OPAC University of Rajshahi

Milk and milk products / (Record no. 54946)

MARC details
000 -LEADER
fixed length control field 00921nam a2200301 a 4500
001 - CONTROL NUMBER
control field 54946
003 - CONTROL NUMBER IDENTIFIER
rucl marc code BD-RjUL
005 - DATE AND TIME OF LATEST TRANSACTION
control field 20211209080207.0
008 - FIXED-LENGTH DATA ELEMENTS--GENERAL INFORMATION
fixed length control field 161113s2009 ii 000 0 eng d
020 ## - INTERNATIONAL STANDARD BOOK NUMBER
International Standard Book Number 9780070992856
International Standard Book Number 007992851
035 ## - SYSTEM CONTROL NUMBER
System control number (BD-RjUL)55068
040 ## - CATALOGING SOURCE
Original cataloging agency DLC
Transcribing agency CLE
Modifying agency BD-RjUL
Language of cataloging eng
041 ## - LANGUAGE CODE
Language code of text/sound track or separate title eng
082 ## - DEWEY DECIMAL CLASSIFICATION NUMBER
Edition number 23
Classification number 637.1
Author mark and year ECM 2009
100 1# - MAIN ENTRY--PERSONAL NAME
Personal name Eckles, Clarence Henry,
Dates associated with a name 1875-1933.
9 (RLIN) 163815
245 10 - TITLE STATEMENT
Title Milk and milk products /
Statement of responsibility, etc. Clarence Henry Eckles, Willes Barnes Combs, Harold Macy
250 ## - EDITION STATEMENT
Edition statement 4th ed.
260 ## - PUBLICATION, DISTRIBUTION, ETC. (IMPRINT)
Place of publication, distribution, etc. New York :
Name of publisher, distributor, etc. McGraw-Hill book company, inc,
Date of publication, distribution, etc. c1957 [ Reprint 2009]
300 ## - PHYSICAL DESCRIPTION
Pagination xiii, 453 p. :
Illustrations ill. ;
Size 23 cm
500 ## - GENERAL NOTE
General note Includes Index
650 #0 - SUBJECT ADDED ENTRY--TOPICAL TERM
Topical term or geographic name as entry element Dairying
9 (RLIN) 126322
Topical term or geographic name as entry element Milk
9 (RLIN) 144783
Topical term or geographic name as entry element Dairy products
9 (RLIN) 163816
700 1# - ADDED ENTRY--PERSONAL NAME
Personal name Combs, Willes Barnes,
Dates associated with a name 1892-
Personal name Macy, Harold,
Dates associated with a name 1895-
942 ## - ADDED ENTRY ELEMENTS (KOHA)
Source of classification or shelving scheme Dewey Decimal Classification
Koha item type Books
Holdings
Lost status Source of classification or shelving scheme Damaged status Not for loan Collection code Permanent Location Current Location Shelving location Date acquired Source of acquisition Cost, normal purchase price Total Checkouts Full call number Date last seen Copy number Koha item type
  Dewey Decimal Classification     Non-fiction Central Library, University of Rajshahi Central Library, University of Rajshahi   14/08/2010 Dhaka,Paragon Enterprise Lit., 299.00   637.1 ECM 2009 13/11/2016 C-2 Books
  Dewey Decimal Classification   Not For Loan Non-fiction Central Library, University of Rajshahi Central Library, University of Rajshahi Reading Room 14/08/2010 Paragogn Enterprise, Dhaka 299.00   637.1 ECM 2009 23/03/2017 C-1 Books